000 00258nam a2200097Ia 4500
008 240331s9999 xx 000 0 und d
082 _bTHA
100 _aBhakavathsala S. ed
245 0 _aThamizhagathil nadodgal :
_bsanga kalm muthal sama kalam varai
942 _cL
999 _c3645
_d3645